000
00288nam a2200121Ia 4500
008
231129s1978||||xx |||||||||||||| ||spa||
082
_a
HAJ-0027
100
_a
Caballero Enrique
245
0
_a
América una equivocación
260
_c
1978
264
_a
Bogotá: Hispana
942
_2
ddc
_c
BKS
999
_c
4954
_d
4954